000 00708nam a22002417a 4500
003 BCEG
005 20260121123343.0
008 260121s1921 mx|||||| |||| 00| 0 spa d
040 _aBCEG
_bspa
_cBCEG
082 0 4 _a196.1
_bO761f
100 1 _aOrs y Novira, Eugenio d',
_d1882-1954.
245 1 3 _aLa filosofía del hombre que trabaja y que juega
_b: antología filosófica.
260 _aMéxico ;
_bCultura,
_c1921.
300 _a181 p.
490 _aCultura ;
_v13-5.
541 _aDonación.
650 1 4 _aFilosofía española.
650 1 4 _aPragmatismo.
700 1 _aRucabado, Ramón,
_ecomp.
700 1 _aFarrán Mayoral, José,
_ecomp.
700 1 _aMorente, Manuel G.,
_eintrod.
942 _cBK
999 _c437036
_d437036